[Event "9.Offene Senioren SH 2015"]
[Site "Buesum"]
[Date "2015.10.05"]
[Round "7.53"]
[White "Stratmann, Dietrich"]
[Black "Wulf, Adalbert"]
[Result "0-1"]
[BlackElo "1914"]
[BlackTeam "SV Ennigerloh-Oelde"]
[EventDate "2015.??.??"]
[PlyCount "84"]
[WhiteElo "1677"]
[WhiteTeam "SC Northeim"]

1. d4 Nf6 2. Bf4 e6 3. e3 d5 4. Bd3 c5 5. b3 Nc6 6. c3 a6 7. Nf3 Be7 8. Nbd2
cxd4 9. exd4 h6 10. Ne5 Nxe5 11. dxe5 Nd7 12. Qe2 b5 13. Bg3 Bb7 14. f4 g6 15.
Nf3 Rc8 16. Rc1 Qa5 17. Qd2 Nc5 18. Bb1 Ne4 19. Bxe4 dxe4 20. Nd4 O-O 21. O-O
Rfd8 22. b4 Qc7 23. Bf2 Rd7 24. Be3 Kh7 25. Qf2 Bf8 26. g4 Bg7 27. Qg3 Rh8 28.
h4 Bd5 29. Rf2 f6 30. Rh2 fxe5 31. Ne2 Bc4 32. Qe1 Bxe2 33. Rxe2 exf4 34. Bc5 e3
35. c4 Qb7 36. cxb5 axb5 37. Rd1 Rhd8 38. Rxd7 Rxd7 39. Qf1 Qe4 40. h5 g5 41.
Qg2 Qb1+ 42. Qf1 Rd1  0-1

[Event "9.Offene Senioren SH 2015"]
[Site "Buesum"]
[Date "2015.10.05"]
[Round "7.54"]
[White "Ludwig, Richard"]
[Black "Krneta, Slavko"]
[Result "1-0"]
[BlackElo "1871"]
[BlackTeam "FG Wohlde"]
[EventDate "2015.??.??"]
[PlyCount "88"]
[WhiteElo "1670"]
[WhiteTeam "SV Irxleben"]

1. e4 e6 2. d4 d5 3. exd5 exd5 4. Bd3 Bd6 5. Nf3 Ne7 6. Be3 Bf5 7. c3 O-O 8. O-O
c6 9. Re1 Qc7 10. Bxf5 Nxf5 11. Qd3 Nxe3 12. Rxe3 g6 13. Nbd2 Nd7 14. Rae1 Nf6
15. h3 Nh5 16. Ne5 Nf4 17. Qc2 f6 18. Nd3 Kg7 19. Nxf4 Bxf4 20. Re7+ Rf7 21.
Rxc7 Bxc7 22. Nf3 Bb6 23. Re6 Rd8 24. Qe2 Rdd7 25. g4 g5 26. h4 h6 27. h5 Bc7
28. Qd3 f5 29. Rg6+ Kf8 30. gxf5 Rfe7 31. Re6 Rxe6 32. fxe6 Rg7 33. Qf5+ Ke7 34.
Ne5 Bd6 35. Ng6+ Ke8 36. Qf6 Rh7 37. Ne5 Rc7 38. Qg6+ Ke7 39. Qf7+ Kd8 40. Nd7
b6 41. Qg8+ Ke7 42. Qf7+ Kd8 43. Qf6+ Ke8 44. Qxh6 c5  1-0

[Event "9.Offene Senioren SH 2015"]
[Site "Buesum"]
[Date "2015.10.05"]
[Round "7.55"]
[White "Smits, Oswald"]
[Black "Zechel, Rolf-Ruediger"]
[Result "1-0"]
[BlackElo "1645"]
[BlackTeam "SK Kaltenkirchen"]
[EventDate "2015.??.??"]
[PlyCount "61"]
[WhiteElo "1866"]
[WhiteTeam "SF Taunus"]

1. d4 Nf6 2. Nf3 d5 3. e3 g6 4. Nbd2 Bg7 5. Bd3 O-O 6. b3 Nbd7 7. Bb2 c5 8. O-O
cxd4 9. Bxd4 b6 10. e4 Nc5 11. Bxc5 bxc5 12. Rb1 e6 13. Qe1 Qc7 14. c4 Bb7 15.
cxd5 exd5 16. exd5 Nxd5 17. Qc1 Nb4 18. Be4 Rac8 19. a3 Nd5 20. Qc2 Nc3 21. Bxb7
Qxb7 22. Rbe1 Rfd8 23. Re3 Nd5 24. Rd3 Qa6 25. Qc4 Qe6 26. Re1 Qf5 27. Ne4 Nb6
28. Rxd8+ Rxd8 29. Qxc5 Rd5 30. Qe7 Rd7 31. Qe8+  1-0

[Event "9.Offene Senioren SH 2015"]
[Site "Buesum"]
[Date "2015.10.05"]
[Round "7.56"]
[White "Harders, Werner"]
[Black "Westphal-Stubbe, Siegbert"]
[Result "0-1"]
[BlackElo "1822"]
[BlackTeam "SG Ploener See"]
[EventDate "2015.??.??"]
[PlyCount "54"]
[WhiteElo "1569"]
[WhiteTeam "SK Kaltenkirchen"]

1. d4 e6 2. e3 b6 3. f4 Bb7 4. Nf3 c5 5. c3 cxd4 6. cxd4 a6 7. a3 d6 8. Bd3 g6
9. O-O Bg7 10. Nc3 Nf6 11. Bd2 Nc6 12. h3 O-O 13. Be1 Qc7 14. Rc1 Rac8 15. Qe2
b5 16. Bh4 Qb8 17. Qd1 Ne7 18. e4 Nc6 19. d5 exd5 20. exd5 Na5 21. Bxf6 Bxf6 22.
Be4 Nc4 23. Qe2 Nxa3 24. Bd3 Nc4 25. b3 Nb6 26. Ne4 Bg7 27. Nxd6 Qxd6  0-1

[Event "9.Offene Senioren SH 2015"]
[Site "Buesum"]
[Date "2015.10.05"]
[Round "7.57"]
[White "Nowack, Achim"]
[Black "Henniges, Erhard"]
[Result "1-0"]
[BlackElo "1630"]
[BlackTeam "Rochade 96 Magdeburg"]
[EventDate "2015.??.??"]
[PlyCount "81"]
[WhiteElo "1798"]
[WhiteTeam "SK Kaltenkirchen"]

1. e4 e6 2. g3 Nf6 3. Bg2 d5 4. e5 Nfd7 5. d4 c5 6. c3 Be7 7. Nf3 b5 8. O-O O-O
9. Re1 Bb7 10. Nbd2 c4 11. Nf1 Re8 12. h4 Nf8 13. N1h2 h6 14. Ng4 Nh7 15. Nfh2
Nd7 16. Qf3 h5 17. Ne3 g6 18. Bh3 Bxh4 19. gxh4 Qxh4 20. Ng2 Qe7 21. Qg3 Kh8 22.
Qh4 Qxh4 23. Nxh4 Rg8 24. f4 Rae8 25. Be3 g5 26. fxg5 Nxg5 27. Bxg5 Rxg5+ 28.
Kf2 Reg8 29. Rg1 Nf8 30. Rxg5 Rxg5 31. N2f3 Rg7 32. a4 bxa4 33. Rxa4 a6 34. Rb4
f6 35. exf6 Rc7 36. Ne5 Kh7 37. Nhf3 Kh6 38. Rb6 Bc8 39. Rb8 Nd7 40. Nxd7 Bxd7
41. f7  1-0

[Event "9.Offene Senioren SH 2015"]
[Site "Buesum"]
[Date "2015.10.05"]
[Round "7.59"]
[White "Eschweiler, Gottfried"]
[Black "Geibel, Henning"]
[Result "1-0"]
[BlackElo "1470"]
[BlackTeam "SV Bargteheide"]
[EventDate "2015.??.??"]
[PlyCount "101"]
[WhiteElo "1775"]
[WhiteTeam "SG Neuss"]

1. Nf3 d5 2. d3 Bf5 3. g3 e6 4. Bg2 c6 5. O-O Nf6 6. Nbd2 Bc5 7. Qe1 O-O 8. e4
dxe4 9. dxe4 Bg6 10. Nh4 Bh5 11. Nhf3 Ng4 12. h3 Nf6 13. Nb3 Bb6 14. Bf4 Bg6 15.
Rd1 Qc8 16. Nh4 Nbd7 17. Nxg6 hxg6 18. Bd6 Re8 19. e5 Nh5 20. Kh2 f5 21. f4 c5
22. c4 a5 23. a4 g5 24. fxg5 g6 25. Qd2 Bc7 26. Bxc7 Qxc7 27. Qxd7 Qxe5 28. Qd6
Qxb2 29. Rb1 Qc3 30. Rf3 Qxc4 31. Qxc5 Qxa4 32. Qb6 Qa2 33. Nc5 Rac8 34. Rb2 Qc4
35. Nd3 e5 36. Qxg6+ Ng7 37. Nf2 a4 38. Rxb7 Rc7 39. Rxc7 Qxc7 40. Qa6 e4 41.
Re3 Qc5 42. Re2 a3 43. Ra2 e3 44. Nd3 Qe7 45. Nf4 Qxg5 46. Qxa3 Nh5 47. Nxh5
Qxh5 48. Bd5+ Kg7 49. Qc3+ Kg6 50. Ra6+ Kg5 51. Qf6#  1-0

[Event "9.Offene Senioren SH 2015"]
[Site "Buesum"]
[Date "2015.10.05"]
[Round "7.60"]
[White "Schuller, Erhard"]
[Black "David, Juergen"]
[Result "1-0"]
[BlackElo "1350"]
[BlackTeam "SC Lok Brandenburg"]
[EventDate "2015.??.??"]
[PlyCount "121"]
[WhiteElo "1733"]
[WhiteTeam "SV Morsbach"]

1. Nf3 e6 2. g3 d6 3. Bg2 Nc6 4. O-O Be7 5. c4 Nf6 6. Nc3 a6 7. d3 h6 8. a3 Rb8
9. b4 Bd7 10. Bb2 Qc8 11. Re1 e5 12. Qc2 h5 13. h4 Bh3 14. Nd5 Bd8 15. Bc1 Nh7
16. e4 Bxg2 17. Kxg2 Qg4 18. Rh1 Rc8 19. Ne3 Qg6 20. Kf1 Nf6 21. b5 Nb8 22. a4
c6 23. Nf5 Nfd7 24. bxa6 Nxa6 25. d4 c5 26. dxe5 dxe5 27. Qd2 Rc6 28. Bb2 Bc7
29. a5 Ndb8 30. Rd1 Rg8 31. Ng5 f6 32. Qd5 Rf8 33. Ne6 Rf7 34. Nxc7+ Rcxc7 35.
Nd6+ Kf8 36. Nxf7 Qxf7 37. Kg2 Rc6 38. Rd2 Qe7 39. Rhd1 Rc7 40. Qd6 Qxd6 41.
Rxd6 Ke7 42. Bc3 Nc6 43. R6d3 Nd4 44. f3 Rc6 45. Rb1 Rc7 46. Kf2 Nb8 47. Bxd4
cxd4 48. Rdb3 Na6 49. Rxb7 Kd7 50. Rxc7+ Kxc7 51. Rb5 Nb8 52. Ke2 Kc8 53. Kd3
Kc7 54. f4 exf4 55. gxf4 g6 56. Kxd4 Nc6+ 57. Ke3 Nb8 58. Rxb8 Kxb8 59. Kd4 Kb7
60. c5 Ka6 61. c6  1-0

[Event "9.Offene Senioren SH 2015"]
[Site "Buesum"]
[Date "2015.10.05"]
[Round "7.61"]
[White "Graffenberger, Wilhelm"]
[Black "Moeller, Bernd"]
[Result "1-0"]
[BlackElo "1576"]
[BlackTeam "SV Bad Schwartau"]
[EventDate "2015.??.??"]
[PlyCount "61"]
[WhiteElo "1730"]
[WhiteTeam "Hamburger SK"]

1. d4 d5 2. Nf3 e6 3. e3 Be7 4. Bd3 Nf6 5. Nbd2 O-O 6. O-O Nbd7 7. Re1 c5 8. c3
c4 9. Bc2 a6 10. e4 dxe4 11. Nxe4 h6 12. Bf4 b5 13. Nd6 Nd5 14. Nxc8 Rxc8 15.
Be5 Nxe5 16. Nxe5 Bd6 17. Rc1 Re8 18. Bb1 Nf6 19. Qf3 Qc7 20. Rcd1 Bxe5 21. Rxe5
Nd7 22. Rh5 Rcd8 23. Qe2 Nf8 24. Qg4 Kh8 25. Re1 Qb8 26. Qf3 Qc7 27. Re3 Re7 28.
Rxh6+ gxh6 29. Qf6+ Kg8 30. Rh3 Nh7 31. Bxh7+  1-0

[Event "9.Offene Senioren SH 2015"]
[Site "Buesum"]
[Date "2015.10.05"]
[Round "7.63"]
[White "Linz, Stefan"]
[Black "Ketelsen, Herbert"]
[Result "1-0"]
[BlackElo "1194"]
[BlackTeam "SK Kaltenkirchen"]
[EventDate "2015.??.??"]
[PlyCount "119"]
[WhiteElo "1695"]
[WhiteTeam "SC Bad Marienberg"]

1. d4 e6 2. Nf3 b6 3. Bf4 Bb7 4. Nbd2 Nf6 5. h3 Be7 6. e3 O-O 7. c3 d6 8. Qc2
Nbd7 9. Be2 c5 10. O-O Rc8 11. Qd1 cxd4 12. cxd4 Nd5 13. Bg3 f5 14. a3 f4 15.
exf4 Nxf4 16. Bc4 d5 17. Bb5 Ng6 18. Qa4 Nf6 19. Rfe1 Ne4 20. Bd7 Ra8 21. Bxe6+
Kh8 22. Rac1 Nxg3 23. fxg3 Bd6 24. Kh2 h5 25. Ne5 Rf6 26. Nf7+ Rxf7 27. Bxf7
Bxg3+ 28. Kxg3 Qd6+ 29. Kf2 Qf4+ 30. Nf3 Qxf7 31. Kg1 Nf4 32. Rc3 Qg6 33. Nh4
Qg5 34. g3 Nxh3+ 35. Kh2 Qd2+ 36. Ng2 Nf2 37. Re8+ Rxe8 38. Qxe8+ Kh7 39. Qxh5+
Qh6 40. Qxh6+ Kxh6 41. Rc7 Ba6 42. Rxa7 Ng4+ 43. Kg1 Bc4 44. Nf4 Ne3 45. Rb7 b5
46. Ne6 g5 47. Nc7 Nf5 48. Kf2 Nxd4 49. Ne8 Nf5 50. Rb6+ Kh7 51. Nf6+ Kg7 52.
Ng4 d4 53. Ne5 d3 54. Nxc4 bxc4 55. g4 Nd4 56. Ke3 Nb3 57. Rxb3 cxb3 58. Kxd3
Kf6 59. Kd4 Ke6 60. a4  1-0

[Event "9.Offene Senioren SH 2015"]
[Site "Buesum"]
[Date "2015.10.05"]
[Round "7.64"]
[White "Priss, Klaus-Peter"]
[Black "Hoelzel, Gerhard"]
[Result "0-1"]
[BlackElo "1718"]
[BlackTeam "Ahrensburger TSV"]
[EventDate "2015.??.??"]
[PlyCount "104"]
[WhiteElo "1603"]
[WhiteTeam "Wyker TB"]

1. e4 c5 2. Nc3 d6 3. Bc4 e6 4. Nf3 Nc6 5. O-O Nf6 6. d3 Be7 7. a3 a6 8. h3 O-O
9. Nh2 b5 10. Ba2 Bb7 11. f4 Rc8 12. Ne2 Na5 13. Ng3 c4 14. Ng4 cxd3 15. cxd3
Nc6 16. Be3 Kh8 17. f5 Ne5 18. Nxf6 Bxf6 19. fxe6 Nc6 20. d4 fxe6 21. Bxe6 Ra8
22. Rc1 Qe7 23. Bd5 Qd7 24. Nf5 Ne7 25. Nxe7 Qxe7 26. Bxb7 Qxb7 27. Qg4 Rae8 28.
d5 Rc8 29. Rb1 Qe7 30. Rf3 Rc4 31. Bg5 Qe5 32. Bxf6 gxf6 33. Rf4 Rfc8 34. Rbf1
Rc1 35. Rxf6 Rxf1+ 36. Rxf1 Rg8 37. Qe2 Qg3 38. Kh1 Qg7 39. Qf2 Re8 40. Qc2 Rg8
41. b4 Rf8 42. Rc1 Qe5 43. Qe2 Qf4 44. Kg1 Qxc1+ 45. Kh2 Qf4+ 46. Kg1 Re8 47.
Qf3 Rxe4 48. Qc3+ Kg8 49. Qc8+ Kf7 50. Qc7+ Re7 51. Qc3 Qe3+ 52. Qxe3 Rxe3  0-1

[Event "9.Offene Senioren SH 2015"]
[Site "Buesum"]
[Date "2015.10.05"]
[Round "7.65"]
[White "Komeinda, Josef"]
[Black "Luebbers, Doris"]
[Result "1-0"]
[BlackElo "1527"]
[BlackTeam "SF Taunus"]
[EventDate "2015.??.??"]
[PlyCount "73"]
[WhiteElo "1644"]
[WhiteTeam "Elberfelder SG"]

1. d4 d5 2. c4 e6 3. Nf3 Nf6 4. Nc3 b6 5. a3 Bb7 6. Bg5 Be7 7. e3 Ne4 8. Bxe7
Qxe7 9. Bd3 Nxc3 10. bxc3 Nd7 11. cxd5 exd5 12. a4 a5 13. Nd2 Nf6 14. h3 O-O 15.
O-O Ba6 16. Bxa6 Rxa6 17. Qe2 Raa8 18. c4 dxc4 19. Nxc4 Qe6 20. Rfc1 Rfd8 21.
Qf3 Rac8 22. Qb7 Nd5 23. Ne5 c5 24. Qa6 cxd4 25. exd4 g6 26. Rxc8 Rxc8 27. Re1
Rd8 28. Qb7 Qf6 29. Nc6 Rd6 30. Re8+ Kg7 31. Ne5 Nf4 32. Qc8 Ne2+ 33. Kh1 Nxd4
34. Rg8+ Kh6 35. Ng4+ Kg5 36. Nxf6 Rxf6 37. Qd8  1-0

[Event "9.Offene Senioren SH 2015"]
[Site "Buesum"]
[Date "2015.10.05"]
[Round "7.66"]
[White "Schumacher, Ursula"]
[Black "Graffenberger, Marianne"]
[Result "1-0"]
[BlackElo "1540"]
[BlackTeam "Hamburger SK"]
[EventDate "2015.??.??"]
[PlyCount "91"]
[WhiteElo "1670"]
[WhiteTeam "HTC Bad Neuenahr"]

1. c4 c5 2. Nc3 Nc6 3. Nf3 g6 4. g3 Bg7 5. e3 Nf6 6. Bg2 O-O 7. d4 cxd4 8. exd4
d5 9. b3 Re8 10. O-O Be6 11. c5 Ne4 12. Bb2 Nxc3 13. Bxc3 Qd7 14. Re1 Bg4 15.
Qd2 Qf5 16. Nh4 Qd7 17. f4 Bh3 18. Bh1 Bf5 19. b4 a6 20. a4 Bf6 21. Nxf5 Qxf5
22. b5 axb5 23. axb5 Rxa1 24. Rxa1 Nb8 25. Bg2 g5 26. fxg5 Bxg5 27. Qe2 Qd7 28.
Rb1 Qf5 29. Rf1 Qd7 30. Qf3 Rf8 31. Kh1 Bh6 32. Qxd5 Qxd5 33. Bxd5 e6 34. Bxb7
Bg7 35. c6 Re8 36. c7 Nd7 37. c8=Q Rxc8 38. Bxc8 Nb6 39. Bb7 Na4 40. Ba1 Nb6 41.
Rc1 h6 42. Rc6 Na4 43. Rc8+ Kh7 44. Be4+ f5 45. Bd3 Nb6 46. Rc6  1-0

[Event "9.Offene Senioren SH 2015"]
[Site "Buesum"]
[Date "2015.10.05"]
[Round "7.67"]
[White "Baumast, Bernd"]
[Black "Howe, Dietrich"]
[Result "0-1"]
[BlackElo "1667"]
[BlackTeam "SK Kaltenkirchen"]
[EventDate "2015.??.??"]
[PlyCount "68"]
[WhiteElo "1541"]
[WhiteTeam "SV Bad Oldesloe"]

1. b4 e5 2. Bb2 d6 3. Nf3 Nf6 4. e3 Be7 5. Be2 O-O 6. d3 b6 7. O-O Bb7 8. Nbd2
a5 9. b5 c6 10. c4 Nbd7 11. a4 Nc5 12. d4 exd4 13. Bxd4 Rc8 14. Nb3 Ne6 15. Bb2
cxb5 16. cxb5 Bd5 17. Bxf6 Bxf6 18. Qxd5 Bxa1 19. Rxa1 Qe7 20. Nbd4 Rc5 21. Qe4
d5 22. Qh4 Qc7 23. Nc6 Re8 24. g3 Nf8 25. Nfd4 Ng6 26. Qh3 Qd6 27. Qf1 Ne5 28.
Nxe5 Qxe5 29. Nc6 Qb2 30. Nd4 Rec8 31. Kg2 Rc3 32. Nc6 Rc7 33. Kf3 Qc2 34. Qe1
Qe4#  0-1

[Event "9.Offene Senioren SH 2015"]
[Site "Buesum"]
[Date "2015.10.05"]
[Round "7.68"]
[White "Wiebke, Elfriede"]
[Black "Vierling, Paul"]
[Result "1-0"]
[BlackElo "1467"]
[BlackTeam "Fehntjer SK"]
[EventDate "2015.??.??"]
[PlyCount "87"]
[WhiteElo "1338"]
[WhiteTeam "Segeberger SF"]

1. e4 e5 2. Nf3 Nf6 3. Nc3 d6 4. Bc4 Qe7 5. h3 Be6 6. Bxe6 Qxe6 7. Ng5 Qd7 8.
O-O h6 9. Nf3 Nc6 10. a3 Be7 11. Re1 O-O 12. d3 a6 13. Nd5 Rfe8 14. Nxf6+ Bxf6
15. c3 b5 16. b4 Rac8 17. a4 Nb8 18. Be3 c6 19. a5 Be7 20. Kh2 Qe6 21. Rc1 Nd7
22. d4 exd4 23. Bxd4 Bf6 24. Bxf6 Qxf6 25. c4 Ne5 26. c5 Nxf3+ 27. Qxf3 Qe5+ 28.
Kg1 Re6 29. Qe3 Rce8 30. f4 Qf6 31. Qf3 Qd4+ 32. Qf2 Qxf2+ 33. Kxf2 Rxe4 34.
cxd6 Rxf4+ 35. Kg3 Rfe4 36. Rxe4 Rxe4 37. Rxc6 Re8 38. Rxa6 Rd8 39. Rc6 Kf8 40.
a6 Ke8 41. a7 Ra8 42. Rc7 Kf8 43. d7 Ke7 44. Rc8  1-0